Juniorprofessuren in der katholischen Theologie

Mit diesem Beitrag wird eine "orientierende Analyse" der einschlägigen Bestimmungen für die Juniorprofessuren in der katholischen Theologie versucht. Hierzu wird zunächst die Entwicklung des allgemeinen hochschulrechtlichen Rahmens skizziert, ausgehend von der Einführung der Juniorprofessu...

Full description

Saved in:  
Bibliographic Details
Main Author: Rieger, Rafael M. (Author)
Format: Print Article
Language:German
Check availability: HBZ Gateway
Interlibrary Loan:Interlibrary Loan for the Fachinformationsdienste (Specialized Information Services in Germany)
Published: 2005
In: Archiv für katholisches Kirchenrecht
Year: 2005, Volume: 174, Issue: 1, Pages: 19-49
Standardized Subjects / Keyword chains:B Deutschland (boat, 1866-1875) / Catholic theological faculty / Professor / Catholic theology / Vocation (Higher education) / Legal reform
IxTheo Classification:FB Theological education
KBB German language area
KDB Roman Catholic Church
SA Church law; state-church law
Further subjects:B Junior professorship
B Professor
B Jurisdiction
B State law of churches
B Higher education
B Nihil obstat
B Deutschland (boat, 1866-1875)
Online Access: Volltext (kostenfrei)
Volltext (kostenfrei)
Volltext (lizenzpflichtig)
Rights Information:InC 1.0

MARC

LEADER 00000caa a2200000 c 4500
001 1661807704
003 DE-627
005 20241111175612.0
007 tu
008 061002s2005 xx ||||| 00| ||ger c
035 |a (DE-627)1661807704 
035 |a (DE-576)257576274 
035 |a (DE-599)BSZ257576274 
040 |a DE-627  |b ger  |c DE-627  |e rakwb 
041 |a ger 
084 |a 1  |2 ssgn 
100 1 |e VerfasserIn  |0 (DE-588)130126888  |0 (DE-627)491714394  |0 (DE-576)298013037  |4 aut  |a Rieger, Rafael M. 
109 |a Rieger, Rafael M.  |a Rieger, Rafael Manfred  |a Rieger, Rafael 
245 1 0 |a Juniorprofessuren in der katholischen Theologie  |c von Rafael M. Rieger 
246 3 0 |a Deutschland ; Katholisch-Theologische Fakultät ; Hochschullehrer ; Katholische Theologie ; Berufung <Hochschulrecht> ; Rechtsreform 
264 1 |c 2005 
300 |a H. 1, S. [19] - 49 
336 |a Text  |b txt  |2 rdacontent 
337 |a ohne Hilfsmittel zu benutzen  |b n  |2 rdamedia 
338 |a Band  |b nc  |2 rdacarrier 
500 |a Aufsatz 
520 |a Mit diesem Beitrag wird eine "orientierende Analyse" der einschlägigen Bestimmungen für die Juniorprofessuren in der katholischen Theologie versucht. Hierzu wird zunächst die Entwicklung des allgemeinen hochschulrechtlichen Rahmens skizziert, ausgehend von der Einführung der Juniorprofessuren durch das HRG über das Urteil des BVerfG vom 27.07.2004 bis zu den Änderungen durch das Gesetz zur Änderung dienst- und arbeitsrechtlicher Vorschriften im Hochschulbereich (2005). Anschließend werden die Spezifika für Juniorprofessoren in der katholischen Theologie betrachtet: Der Beschluss der DBK zu den Anforderungen an Juniorprofessoren, abgedruckt auf S. 129 - 132 dieses Bandes 
540 |q DE-Tue135  |a Urheberrechtsschutz 1.0  |2 rs  |u http://rightsstatements.org/vocab/InC/1.0/ 
601 |a Juniorprofessur 
601 |a Theologie 
650 0 7 |0 (DE-588)4845195-2  |0 (DE-627)50138071X  |0 (DE-576)217138942  |a Juniorprofessur  |2 gnd 
650 0 7 |0 (DE-588)4025254-1  |0 (DE-627)104427132  |0 (DE-576)208959831  |a Hochschulrecht  |2 gnd 
650 0 7 |0 (DE-588)4056656-0  |0 (DE-627)106154141  |0 (DE-576)209118482  |a Staatskirchenrecht  |2 gnd 
650 0 7 |0 (DE-588)4025254-1  |0 (DE-627)104427132  |0 (DE-576)208959831  |a Hochschulrecht  |2 gnd 
650 0 7 |0 (DE-588)4025243-7  |0 (DE-627)106294369  |0 (DE-576)208959793  |a Hochschullehrer  |2 gnd 
650 0 7 |0 (DE-588)4115710-2  |0 (DE-627)105812242  |0 (DE-576)209495456  |a Rechtsprechung  |2 gnd 
650 4 |a Nihil obstat 
651 7 |0 (DE-588)4011882-4  |0 (DE-627)104704861  |0 (DE-576)208896155  |a Deutschland  |2 gnd 
651 7 |0 (DE-588)4011882-4  |0 (DE-627)104704861  |0 (DE-576)208896155  |a Deutschland  |2 gnd 
652 |a FB:KBB:KDB:SA 
689 0 0 |d g  |0 (DE-588)4011882-4  |0 (DE-627)104704861  |0 (DE-576)208896155  |2 gnd  |a Deutschland 
689 0 1 |d s  |0 (DE-588)4163476-7  |0 (DE-627)105454540  |0 (DE-576)209881313  |2 gnd  |a Katholisch-Theologische Fakultät 
689 0 2 |d s  |0 (DE-588)4025243-7  |0 (DE-627)106294369  |0 (DE-576)208959793  |2 gnd  |a Hochschullehrer 
689 0 3 |d s  |0 (DE-588)4030005-5  |0 (DE-627)104452250  |0 (DE-576)208985212  |2 gnd  |a Katholische Theologie 
689 0 4 |d s  |0 (DE-588)4144818-2  |0 (DE-627)104312467  |0 (DE-576)20973681X  |2 gnd  |a Berufung  |g Hochschulrecht 
689 0 5 |d s  |0 (DE-588)4048833-0  |0 (DE-627)104123362  |0 (DE-576)209079436  |2 gnd  |a Rechtsreform 
689 0 |5 (DE-627) 
773 0 8 |i In  |t Archiv für katholisches Kirchenrecht  |d Paderborn : Schöningh, 1857  |g 174(2005), 1, Seite 19-49  |w (DE-627)129061514  |w (DE-600)468-6  |w (DE-576)014392291  |x 0003-9160  |7 nnas 
773 1 8 |g volume:174  |g year:2005  |g number:1  |g pages:19-49 
776 1 |o 10.15496/publikation-69452 
776 1 |o 10.30965/2589045X-17401003 
776 1 |o 10.15496/publikation-69452 
856 4 1 |u http://hdl.handle.net/10900/128089  |x Resolving-System  |z kostenfrei  |3 Volltext  |7 0 
856 4 1 |u http://dx.doi.org/10.15496/publikation-69452  |x Resolving-System  |z kostenfrei  |3 Volltext  |7 0 
856 4 1 |u https://doi.org/10.30965/2589045X-17401003  |x Resolving-System  |z lizenzpflichtig  |3 Volltext  |7 1 
889 |w (DE-627)1864452978 
935 |a mteo  |a KALD  |a DAKR 
935 |i mdedup 
951 |a AR 
CAN |a 1 
ELC |b 1 
ITA |a 1 
LOK |0 000 xxxxxcx a22 zn 4500 
LOK |0 001 3415324907 
LOK |0 003 DE-627 
LOK |0 004 1661807704 
LOK |0 005 20070809090448 
LOK |0 008 070809||||||||||||||||ger||||||| 
LOK |0 040   |a DE-21-35  |c DE-627  |d DE-21-35 
LOK |0 852   |a DE-21-35 
LOK |0 852 1  |c Nb 2.00-174,1  |m p  |9 00 
LOK |0 935   |a kneu 
LOK |0 938   |k p 
LOK |0 939   |a 09-08-07  |b l01 
LOK |0 000 xxxxxcx a22 zn 4500 
LOK |0 001 3415324915 
LOK |0 003 DE-627 
LOK |0 004 1661807704 
LOK |0 005 20220405143914 
LOK |0 008 160404||||||||||||||||ger||||||| 
LOK |0 040   |a DE-Tue135  |c DE-627  |d DE-Tue135 
LOK |0 092   |o n 
LOK |0 852   |a DE-Tue135 
LOK |0 852 1  |9 00 
LOK |0 866   |x #012 
LOK |0 866   |x Manuskript 
LOK |0 935   |a ixzs  |a ixmi  |a ixzw 
LOK |0 936ln  |0 1442044721  |a KBB 
LOK |0 936ln  |0 1442044047  |a FB 
LOK |0 936ln  |0 1442049839  |a KDB 
LOK |0 936ln  |0 1442053283  |a SA 
LOK |0 939   |a 04-04-16  |b l01 
LOK |0 000 xxxxxcx a22 zn 4500 
LOK |0 001 3955693031 
LOK |0 003 DE-627 
LOK |0 004 1661807704 
LOK |0 005 20210719141917 
LOK |0 008 210719||||||||||||||||ger||||||| 
LOK |0 035   |a (DE-Tue135-3)DAKAR1_28548 
LOK |0 040   |a DE-Tue135-3  |c DE-627  |d DE-Tue135-3 
LOK |0 092   |o n 
LOK |0 852   |a DE-Tue135-3 
LOK |0 852 1  |c MS KR-R-1  |9 00 
LOK |0 935   |a msmi 
LOK |0 936ln  |0 1442053283  |a SA 
LOK |0 939   |a 19-07-21  |b l01 
LOK |0 000 xxxxxcx a22 zn 4500 
LOK |0 001 3415324923 
LOK |0 003 DE-627 
LOK |0 004 1661807704 
LOK |0 005 20190712170118 
LOK |0 008 190311||||||||||||||||ger||||||| 
LOK |0 035   |a (DE-Tue135-1)167512 
LOK |0 040   |a DE-Tue135-1  |c DE-627  |d DE-Tue135-1 
LOK |0 852   |a DE-Tue135-1 
LOK |0 852 1  |c FTHKR097796/174/RRM  |m p  |9 00 
LOK |0 852 2  |b FTH Z5-040  |9 00 
LOK |0 935   |a iZSA 
LOK |0 936ln  |0 1442044721  |a KBB 
LOK |0 936ln  |0 1442053283  |a SA 
LOK |0 938   |k p 
LOK |0 939   |a 11-03-19  |b l01 
OAS |a 1 
ORI |a SA-MARC-ixtheoa001.raw 
STA 0 0 |a Catholic theological faculty,Catholic theology,Deutschland (boat, 1866-1875),Germany,Germany,Germany,Germany,German Federal Republic (motif),Germany,Germany,Germany,Germany,Germany,Germany,Federal Republic of Germany,Germany,German Democratic Republic,Germany,Germany,Germany,Soviet Occupation Zone,French Occupation Zone,Higher education,University,College,Junior professorship,Jurisdiction,Adjudication,Legal decision,Judgment,Finding,Legal reform,Law,Professor,Professor,Faculty,Teacher,College teacher,University teacher,State law of churches 
STB 0 0 |a Deutschland (bateau, 1866-1875),Allemagne,Allemagne,République fédérale d'Allemagne (motif),Droit de l’enseignement supérieur,Enseignant à l’université,Professeur dans le supérieur,Professeur dans le supérieur,Faculté de théologie catholique,Jurisprudence,Jurisprudence,Législation religieuse,Réforme juridique,Théologie catholique 
STC 0 0 |a Alemania,Alemania,Derecho universitario,Facultad de teología católica,Jurisprudencia,Jurisprudencia,Legislación sobre la Iglesia nacional,Profesor universitario,Reforma jurídica,Teología católica 
STD 0 0 |a Diritto in materia di chiesa di stato,Diritto universitario,Docente universitario,Facoltà di teologia cattolica,Germania,Germania,Giurisprudenza <motivo>,Giurisprudenza,Insieme delle sentenze,Insieme delle sentenze,Insieme delle sentenze (motivo),Insieme delle sentenze,Riforma giuridica,Teologia cattolica 
STE 0 0 |a 司法判决,裁定,国家教会法,大学教授,高校讲师,大学讲师,天主教神学,天主教神学系,德国,德国,法律改革,法律变革,高等教育法 
STF 0 0 |a 司法判決,裁定,國家教會法,大學教授,高校講師,大學講師,天主教神學,天主教神學系,德國,德國,法律改革,法律變革,高等教育法 
STG 0 0 |a Alemanha,Alemanha,Direito universitário,Faculdade de teologia católica,Jurisprudência,Jurisprudência,Legislação sobre a Igreja nacional,Professor universitário,Reforma jurídica,Teologia católica 
STH 0 0 |a Германия (ГДР, мотив),Германия (мотив),Католическое богословие,Право вуза,Правовая реформа,Преподаватель вуза (мужчина),Судопроизводство (мотив),Судопроизводство,Факультет католического богословия,Церковно-государственное право 
STI 0 0 |a Γερμανία (ΛΔΓ, μοτίβο),Γερμανία (μοτίβο),Δημόσιο εκκλησιαστικό δίκαιο,Καθηγητής πανεπιστημίου,Καθολική Θεολογική Σχολή,Καθολική θεολογία,Νομοθετική μεταρρύθμιση,Νομολογία (μοτίβο),Νομολογία,Πανεπιστημιακό δίκαιο 
SUB |a CAN 
SYE 0 0 |a Hochschulgesetzgebung,Hochschule,Universitätsrecht,Universität , Staat,Religionsverfassungsrecht , Hochschulgesetzgebung,Hochschule,Universitätsrecht,Universität , Professor,Lehrkörper,Lehrpersonal,Universitätsprofessor,Hochschulprofessor , Judikatur,Spruchpraxis 
SYF 0 0 |a DDR,Deutsche Demokratische Republik,Germany,Amerikanische Zone Deutschlands,BRD,Britische Zone Deutschlands,Bundesrepublik Deutschland,Französische Zone Deutschlands,Vereinigtes Wirtschaftsgebiet Deutschlands,BRD,Bundesrepublik Deutschland , Vereinigtes Wirtschaftsgebiet,Bizone,Verwaltung des Vereinigten Wirtschaftsgebietes,Französische Zone,Zone Française d'Occupation,Französische Besatzungszone,ZFO,Britische Zone,British occupation zone,Britische Besatzungszone,British Zone of Control,Britisches Kontrollgebiet,British Element,Britisches Element,Sowjetische Zone,Russische Zone,Sowjetische Besatzungszone,Russische Besatzungszone,Sowjetische Besatzungszone Deutschlands,Sowjetische Besatzungszone in Deutschland,Sowjetisch Besetzte Zone,Sowjetzone,Ostzone,SBZ,Länder,Westliche Bundesländer,Alte Bundesländer,Deutschland,Westdeutschland,Deutschland,Westzonen,Westliche Besatzungszonen,Trizone,Amerikanische Zone,American occupation zone,Amerikanische Besatzungszone,ABZ,United States Area of Control,Amerikanisches Kontrollgebiet,U.S. zone of occupation,United States Zone,U.S. Zone,US-Zone,Östliche Bundesländer,Neue Bundesländer,Länder,Deutschland,Ostdeutschland,Deutschland,Deutschland,Deutsche Demokratische Republik,DDR,Deutschland,German Democratic Republic,GDR,République Démocratique Allemande,RDA,Germanskaja Demokratičeskaja Respublika,Demokratičeskaja Respublika,Democratic Republic,Demokratische Republik,Niemiecka Republika Demokratyczna,NRD,Ǧumhūrīyat Almāniyā ad-Dīmuqrāṭīya,República Democrática Alemana,Saksan Demokraattisen Tasavallan,Repubblica Democratica Tedesca,Mitteldeutschland,Ostdeutschland,East Germany,Ostzone,Alemanha,Alemania,Allemagne,Almanija,Almāniyā,Bondsrepubliek Duitsland,BRD,BRD,Bundesrepublik Deutschland,Deutschland,Deutschland,Federal Republic of Germany,Förbundsrepubliken Tyskland,Förbundsrepublikken Tyskland,FRG,Germany,Németországi Szövetségi Kőztársaság,Niemiecka Republika Federalna Niemiecka Republika Federalna,NRF,Repubblica Federale di Germania,Republic of Germany,República Federal da Alemanha,República Federal de Alemania,Republik Federasi Djerman,Republika Federalna Niemiec,République Fédérale d'Allemagne,RFN,Saksan Liittotasavalta,Westdeutschland,Deutsche Länder,Germany,Heiliges Römisches Reich,Rheinbund,Deutscher Bund,Norddeutscher Bund,Deutsches Reich,Deutschland,Deutschland,BRD,Federal Republic of Germany,Republic of Germany,Allemagne,Ǧumhūrīyat Almāniyā al-Ittiḥādīya,Bundesrepublik Deutschland,BRD,Niemcy,République Fédérale d'Allemagne,Repubblica Federale di Germania,Germanija,Federativnaja Respublika Germanija,FRG,Deyizhi-Lianbang-Gongheguo , DDR,Deutsche Demokratische Republik,Germany,Amerikanische Zone Deutschlands,BRD,Britische Zone Deutschlands,Bundesrepublik Deutschland,Französische Zone Deutschlands,Vereinigtes Wirtschaftsgebiet Deutschlands,BRD,Bundesrepublik Deutschland , Vereinigtes Wirtschaftsgebiet,Bizone,Verwaltung des Vereinigten Wirtschaftsgebietes,Französische Zone,Zone Française d'Occupation,Französische Besatzungszone,ZFO,Britische Zone,British occupation zone,Britische Besatzungszone,British Zone of Control,Britisches Kontrollgebiet,British Element,Britisches Element,Sowjetische Zone,Russische Zone,Sowjetische Besatzungszone,Russische Besatzungszone,Sowjetische Besatzungszone Deutschlands,Sowjetische Besatzungszone in Deutschland,Sowjetisch Besetzte Zone,Sowjetzone,Ostzone,SBZ,Länder,Westliche Bundesländer,Alte Bundesländer,Deutschland,Westdeutschland,Deutschland,Westzonen,Westliche Besatzungszonen,Trizone,Amerikanische Zone,American occupation zone,Amerikanische Besatzungszone,ABZ,United States Area of Control,Amerikanisches Kontrollgebiet,U.S. zone of occupation,United States Zone,U.S. Zone,US-Zone,Östliche Bundesländer,Neue Bundesländer,Länder,Deutschland,Ostdeutschland,Deutschland,Deutschland,Deutsche Demokratische Republik,DDR,Deutschland,German Democratic Republic,GDR,République Démocratique Allemande,RDA,Germanskaja Demokratičeskaja Respublika,Demokratičeskaja Respublika,Democratic Republic,Demokratische Republik,Niemiecka Republika Demokratyczna,NRD,Ǧumhūrīyat Almāniyā ad-Dīmuqrāṭīya,República Democrática Alemana,Saksan Demokraattisen Tasavallan,Repubblica Democratica Tedesca,Mitteldeutschland,Ostdeutschland,East Germany,Ostzone,Alemanha,Alemania,Allemagne,Almanija,Almāniyā,Bondsrepubliek Duitsland,BRD,BRD,Bundesrepublik Deutschland,Deutschland,Deutschland,Federal Republic of Germany,Förbundsrepubliken Tyskland,Förbundsrepublikken Tyskland,FRG,Germany,Németországi Szövetségi Kőztársaság,Niemiecka Republika Federalna Niemiecka Republika Federalna,NRF,Repubblica Federale di Germania,Republic of Germany,República Federal da Alemanha,República Federal de Alemania,Republik Federasi Djerman,Republika Federalna Niemiec,République Fédérale d'Allemagne,RFN,Saksan Liittotasavalta,Westdeutschland,Deutsche Länder,Germany,Heiliges Römisches Reich,Rheinbund,Deutscher Bund,Norddeutscher Bund,Deutsches Reich,Deutschland,Deutschland,BRD,Federal Republic of Germany,Republic of Germany,Allemagne,Ǧumhūrīyat Almāniyā al-Ittiḥādīya,Bundesrepublik Deutschland,BRD,Niemcy,République Fédérale d'Allemagne,Repubblica Federale di Germania,Germanija,Federativnaja Respublika Germanija,FRG,Deyizhi-Lianbang-Gongheguo 
SYG 0 0 |a DDR,Deutsche Demokratische Republik,Germany,Amerikanische Zone Deutschlands,BRD,Britische Zone Deutschlands,Bundesrepublik Deutschland,Französische Zone Deutschlands,Vereinigtes Wirtschaftsgebiet Deutschlands,BRD,Bundesrepublik Deutschland , Vereinigtes Wirtschaftsgebiet,Bizone,Verwaltung des Vereinigten Wirtschaftsgebietes,Französische Zone,Zone Française d'Occupation,Französische Besatzungszone,ZFO,Britische Zone,British occupation zone,Britische Besatzungszone,British Zone of Control,Britisches Kontrollgebiet,British Element,Britisches Element,Sowjetische Zone,Russische Zone,Sowjetische Besatzungszone,Russische Besatzungszone,Sowjetische Besatzungszone Deutschlands,Sowjetische Besatzungszone in Deutschland,Sowjetisch Besetzte Zone,Sowjetzone,Ostzone,SBZ,Länder,Westliche Bundesländer,Alte Bundesländer,Deutschland,Westdeutschland,Deutschland,Westzonen,Westliche Besatzungszonen,Trizone,Amerikanische Zone,American occupation zone,Amerikanische Besatzungszone,ABZ,United States Area of Control,Amerikanisches Kontrollgebiet,U.S. zone of occupation,United States Zone,U.S. Zone,US-Zone,Östliche Bundesländer,Neue Bundesländer,Länder,Deutschland,Ostdeutschland,Deutschland,Deutschland,Deutsche Demokratische Republik,DDR,Deutschland,German Democratic Republic,GDR,République Démocratique Allemande,RDA,Germanskaja Demokratičeskaja Respublika,Demokratičeskaja Respublika,Democratic Republic,Demokratische Republik,Niemiecka Republika Demokratyczna,NRD,Ǧumhūrīyat Almāniyā ad-Dīmuqrāṭīya,República Democrática Alemana,Saksan Demokraattisen Tasavallan,Repubblica Democratica Tedesca,Mitteldeutschland,Ostdeutschland,East Germany,Ostzone,Alemanha,Alemania,Allemagne,Almanija,Almāniyā,Bondsrepubliek Duitsland,BRD,BRD,Bundesrepublik Deutschland,Deutschland,Deutschland,Federal Republic of Germany,Förbundsrepubliken Tyskland,Förbundsrepublikken Tyskland,FRG,Germany,Németországi Szövetségi Kőztársaság,Niemiecka Republika Federalna Niemiecka Republika Federalna,NRF,Repubblica Federale di Germania,Republic of Germany,República Federal da Alemanha,República Federal de Alemania,Republik Federasi Djerman,Republika Federalna Niemiec,République Fédérale d'Allemagne,RFN,Saksan Liittotasavalta,Westdeutschland,Deutsche Länder,Germany,Heiliges Römisches Reich,Rheinbund,Deutscher Bund,Norddeutscher Bund,Deutsches Reich,Deutschland,Deutschland,BRD,Federal Republic of Germany,Republic of Germany,Allemagne,Ǧumhūrīyat Almāniyā al-Ittiḥādīya,Bundesrepublik Deutschland,BRD,Niemcy,République Fédérale d'Allemagne,Repubblica Federale di Germania,Germanija,Federativnaja Respublika Germanija,FRG,Deyizhi-Lianbang-Gongheguo , Professor,Lehrkörper,Lehrpersonal,Universitätsprofessor,Hochschulprofessor , Berufungsverfahren,Berufungsverfahren , Gesetzesreform,Gesetz,Recht,Novelle,Novellierung,Änderungsgesetz,Rechtsreformen 
TIM |a 100019901003_100020261231  |b 1990-10-03 - 2026